000 00639nam a2200229Ia 4500
005 20250923150015.0
008 008 250917s9999 xx 000 0 eng d
037 _aTextual
040 _aDSWL
_beng
_cDSWL
041 _aeng
_2eng
084 _aYX;5:8.2, N98.2
_qDSWL
100 _aDevi, R.
_9841231
245 0 _aSocial work and social welfare administration
_c by R. Devi
260 _aJaipur
_b Mangal Deep
_c1998
300 _aviii,288 p.
365 _aINR
_b995.00
490 _vVol II
700 _a R. Prakash
_9841232
925 _g995.00
942 _cTEXL
_hYX;5:8.2, N98.2
999 _c1458436
_d1458436